|
|
|
|
| LEADER |
00000naa2a2200000 4500 |
| 001 |
389065 |
| 005 |
20231101063825.0 |
| 035 |
|
|
|a (RuTPU)RU\TPU\prd\20896
|
| 090 |
|
|
|a 389065
|
| 100 |
|
|
|a 20031224a2003 k y0rusy50 ca
|
| 101 |
0 |
|
|a rus
|
| 102 |
|
|
|a RU
|
| 200 |
1 |
|
|a Очистка воды от ионов аммония
|f Н. М. Алыков, Т. В. Алыкова, В. Г. Забабурина и др.
|
| 225 |
1 |
|
|a Анализ. методика. прогнозы
|
| 461 |
|
1 |
|0 (RuTPU)RU\TPU\prd\1141
|t Экология и промышленность России
|o ежемесячный общественный научно-технический журнал
|d 2001-
|
| 463 |
|
1 |
|0 (RuTPU)RU\TPU\prd\20285
|t № 10
|v С. 20-22
|d 2003
|
| 610 |
1 |
|
|a очиства воды
|
| 610 |
1 |
|
|a ионы аммония
|
| 610 |
1 |
|
|a аммоний
|
| 610 |
1 |
|
|a токсиканты
|
| 610 |
1 |
|
|a сорбенты
|
| 610 |
1 |
|
|a опоки
|
| 610 |
1 |
|
|a Астраханская область
|
| 701 |
|
1 |
|a Алыков
|b Н. М.
|
| 701 |
|
1 |
|a Алыкова
|b Т. В.
|
| 701 |
|
1 |
|a Забабурина
|b В. Г.
|
| 701 |
|
1 |
|a Забабурина
|b А. Г.
|
| 701 |
|
1 |
|a Алыков
|b Е. М.
|
| 801 |
|
1 |
|a RU
|b 63413507
|c 20031224
|g PSBO
|
| 942 |
|
|
|c BK
|